Największe miasta na Kresach Wschodnich - Statystyki

Ogólne statystyki
  • Ten quiz został rozwiązany 2 843 razy
    2 839 od ostatniego zresetowania
  • Średni wynik to 6 z 20
Statystyki odpowiedzi
Populacja Państwo Miasto % Poprawnych
605 270 Litwa Wilno
99%
717 803 Ukraina Lwów
96%
361 115 Białoruś Grodno
67%
344 470 Białoruś Brześć nad Bugiem
64%
238 196 Ukraina Iwano-Frankiwsk
45%
225 004 Ukraina Tarnopol
35%
215 986 Ukraina Łuck
34%
245 272 Ukraina Równe
28%
126 300 Białoruś Pińsk
22%
175 000 Białoruś Baranowicze
20%
68 462 Ukraina Kowel
16%
101 616 Białoruś Lida
15%
59 746 Ukraina Stryj
14%
73 682 Ukraina Drohobycz
13%
61 347 Ukraina Kołomyja
10%
51 200 Białoruś Kobryń
6%
66 266 Ukraina Kałusz
5%
89 268 Białoruś Mołodeczno
5%
66 504 Ukraina Szeptycki
5%
37 527 Białoruś Smorgonie
3%
Nie znaleziono quizów pasujących do podanych kryteriów
Rozkład punktacji
Procent ludzi z każdym wynikiem
Percentyl według liczby udzielonych odpowiedzi
Twoja historia wyników
Nie rozwiązałeś tego quizu od ostatniego zresetowania